Knowing children participant observation with minors (Record no. 1379521)

MARC details
000 -LEADER
fixed length control field 00666nam a2200229Ia 4500
005 - DATE AND TIME OF LATEST TRANSACTION
control field 20250508162932.0
008 - FIXED-LENGTH DATA ELEMENTS--GENERAL INFORMATION
fixed length control field 008 250505s9999 xx 000 0 eng d
020 ## - INTERNATIONAL STANDARD BOOK NUMBER
International Standard Book Number 0-8039-3364-9
037 ## - SOURCE OF ACQUISITION
Stock number Textual
040 ## - CATALOGING SOURCE
Original cataloging agency FEDL
Language of cataloging eng
Transcribing agency FEDL
041 ## - LANGUAGE CODE
Language code of text/sound track or separate title eng
Source of code eng
084 ## - COLON CLASSIFICATION NUMBER
Classification number 001.42, FIN
Assigning agency FEDL
100 ## - MAIN ENTRY--PERSONAL NAME
Personal name Fine Gary Alan
245 #0 - TITLE STATEMENT
Title Knowing children participant observation with minors
260 ## - PUBLICATION, DISTRIBUTION, ETC.
Place of publication, distribution, etc. Newbury Park, London
Name of publisher, distributor, etc. Sage Publications
Date of publication, distribution, etc. 1988
300 ## - PHYSICAL DESCRIPTION
Extent 88p.
365 ## - TRADE PRICE
Price type code USD
Price amount 18.95
546 ## - LANGUAGE NOTE
Language note Acc. No.082903 is MACESE book
700 ## - ADDED ENTRY--PERSONAL NAME
Personal name Sandstrom Kent L
9 (RLIN) 774448
942 ## - ADDED ENTRY ELEMENTS (KOHA)
Koha item type Textual
Classification part 001.42, FIN
Holdings
Withdrawn status Lost status Damaged status Not for loan Home library Current library Date acquired Cost, normal purchase price Total Checkouts Full call number Barcode Date last seen Price effective from Koha item type
        Department of Education Library Department of Education Library 2025-05-08 18.95   001.42, FIN EL0072533 2025-05-08 2025-05-08 Textual
Copyright @ Delhi University Library System